00994nam a22002417a 450000500170000000800410001702000160005805000210007410000200009524000250011524501820014025000110032226000700033330000350040350000700043850000320050865000210054070000290056170000420059070000370063270000380066970000450070720250701092304.0131024t sp ||||| |||| 00| 0 spa d a8476158106 04aHB74.5bW66 19921 aWonnacott, Paul1 aEconomicslEspañol10aEconomia c / Paul Wonnacott, Ronald Wonnacott ; traducción Francesc Sole i Parellada, Pedro L. Romera Díez, Olga Pons i Peregort ; revisión técnica Carmen Arasa Medina. a3a ed. aMadrid, España :bMcGraw-Hill Interamericana de España,c1992 axxxvi, 995 p. :bil. ,c24 cm. aTraducción de la 4a ed. en inglés / a la 3a ed. en español. aIncluye glosario e índice 72lembaEconomía1 aWonnacott, Ronaldeautor1 aSole i Parellada, Francescetraductor1 aRomera Diez, Pedro L.etraductor1 aPons i Peregort, Olgaetraductora1 aArasa Medina, Carmenerevisora técnica